Plánování práce a odměňování

Gespeichert in:
Bibliographische Detailangaben
1. Verfasser: Jírová, Hana
Weitere Verfasser: Kalinová, Lenka, Kalinová, Anna
Format: Buch
Sprache:Tschechisch
Veröffentlicht: Praha VŠE 1986
Ausgabe:1. vyd.
Tags: Tag hinzufügen
Keine Tags, Fügen Sie das erste Tag hinzu!

MARC

LEADER 00000nam a2200000 4500
001 c030949
005 20221220072317.8
041 0 |a cze 
044 |a CZ 
245 1 0 |a Plánování práce a odměňování  |c Hana Jírová, Lenka Kalinová, Anna Kalinová 
250 |a 1. vyd. 
264 1 |a Praha  |b VŠE  |c 1986 
300 |a 147 s. 
100 1 |a Jírová, Hana 
700 1 |a Kalinová, Lenka 
700 1 |a Kalinová, Anna